Comedias II El amor médico y Averígüelo Vargas

Sparad:
Bibliografiska uppgifter
Huvudupphovsman: Molina, Tirso de
Materialtyp: Bok
Språk:Undetermined
Publicerad: Madrid, España Espasa-Calpe 1969
Upplaga:3
Ämnen:
Taggar: Lägg till en tagg
Inga taggar, Lägg till första taggen!

MARC

LEADER 00000nam a2200000Ia 4500
008 170316s9999 xx 000 0 und d
040 |a cru BVZT 
090 |a 862 M-45c v.2 
100 |a Molina, Tirso de 
245 |a Comedias II  |b El amor médico y Averígüelo Vargas 
250 |a 3 
260 |a Madrid, España 
260 |b Espasa-Calpe 
260 |c 1969 
300 |a 264 páginas 
650 |a LITERATURA ESPAÑOLA 
650 |a COMEDIA 
942 |c 15 D 
999 |c 10174  |d 10174